| 000 | 00752cam a22002173a 4500 | ||
|---|---|---|---|
| 001 | 23143 | ||
| 003 | PGUSA | ||
| 005 | 20140828083507.0 | ||
| 008 | 071021s2007||||xxu|||||s|||||000 | eng d | ||
| 040 |
_aPGUSA _beng |
||
| 042 | _adc | ||
| 100 | 1 |
_aHilary,, Bishop of Poitiers _cSaint, _d-366 |
|
| 245 | 1 | 0 |
_aSancti Hilarii : _bEpistola Ad Abram Filiam Suam (Circa Finem Anni 558 Missa.) : Patrologiae Cursus Completus; Tomus X _h[electronic resource] / _cBishop of Poitiers Hilary, |
| 260 |
_bProject Gutenberg, _c2007 |
||
| 506 | _aPublic domain in the USA. | ||
| 516 | _aElectronic text | ||
| 700 | 1 |
_aMigne, J.-P. _q(Jacques-Paul), _d1800-1875 |
|
| 830 | 0 |
_aProject Gutenberg _v23143 |
|
| 856 | 4 | 0 | _uhttp://www.gutenberg.org/ebooks/23143 |
| 942 | _cEB | ||
| 999 |
_c252398 _d252398 |
||